LEADER 01551nam a2200313 a 4500 001 000000123286 003 CaOOAMICUS 005 20101011094533.0 008 101011t2008 it a u000 u ita r 020 $a978-88-6322-098-8 040 $aPUL$bita 082 04$a751.7 100 1 $aFossaluzza, Giorgio.$0(OLS)http://pul/name/77593 245 13$aLa pieve di San Pietro di Feletto e i suoi affreschi :$bguida breve /$cGiorgio Fossaluzza. 260 $aVenezia :$bRegione del Veneto,$c©2008$aSan Pietro di Feletto :$bComune di San Pietro di Feletto,$c2008$aVicenza :$bTerra Ferma,$c2008. 300 $a95 p. :$bill. ;$c24 cm 504 $aNote bibliografiche. 610 24$aSan Pietro (pieve : San Pietro di Feletto).$0(OLS)http://pul/subject/37230 650 4$aArte cristiana$zItalia$zVeneto.$0(OLS)http://pul/subject/37229 850 $aPUL 852 $aPUL$W1$xDP2 Cons. Gen., Altre Classi 3$y97$m751. 7 FOSGI 1$j141824$qDDC 21$B140817$CPULBib$Z2$F140817 $H114952 $82 941 1 $a9 996 $6020$a978-88-6322-098-8$9(OLS)http://pul/number/145563 996 $6082$a751.7$9(OLS)http://pul/classification/1667 996 $6245$aLa pieve di San Pietro di Feletto e i suoi affreschi :$bguida breve$9(OLS)http://pul/title/155376 996 $6260$aVenezia :$bRegione del Veneto$9(OLS)http://pul/publisher/81433 996 $6260$aSan Pietro di Feletto :$bComune di San Pietro di Feletto$9(OLS)http://pul/publisher/81434 996 $6260$aVicenza :$bTerra Ferma$9(OLS)http://pul/publisher/81435 LEADER 01145nam a2200289 a 4500 001 000000131738 003 CaOOAMICUS 005 20121128123806.0 008 121128s2003 it u000 u ita r 020 $a88-420-7106-4 040 $aPUL$bita 100 1 $aCrouch, Colin.$0(OLS)http://pul/name/74031 245 10$aPostdemocrazia /$cColin Crouch ; traduzione di Cristiana Paternò. 260 $aRoma ; Bari :$bEditori Laterza,$c©2003. 300 $a148 p. ;$c21 cm. 490 1 $aSagittari Laterza ;$v141 504 $aBibliografia p. [141]-144. 650 4$aDemocrazia$xAspetti politici economici e sociali.$0(OLS)http://pul/subject/35986 830 0$aSagittari Laterza ;$v141.$0(OLS)http://pul/title/18022 850 $aPUL 852 $aPUL$W1$xDP1 Fondo E. Rossi$y115$m1 C 117$j151879$qFondi$B150977$CPULBib$Z2$F150977 $82 941 1 $a1 961 $aSul dorso collocazione ms. di E. Rossi: C 83 1 5 996 $6020$a88-420-7106-4$9(OLS)http://pul/number/151204 996 $6245$aPostdemocrazia$9(OLS)http://pul/title/149156 996 $6260$aRoma ; Bari :$bEditori Laterza$9(OLS)http://pul/publisher/61082